| 000 | 00439nam a22001697a 4500 | ||
|---|---|---|---|
| 999 |
_c160359 _d160359 |
||
| 005 | 20190128120648.0 | ||
| 010 | _aB-227144 | ||
| 020 |
_a8126023201 _c175.00 |
||
| 035 | _aB-227144 | ||
| 037 | _bSahitya Akademi | ||
| 082 | _aS | ||
| 100 | _aRao, Kalipatnam Rama | ||
| 245 |
_aYagnam and other stories / _cKalipatnam Rama Rao |
||
| 260 |
_aNew Delhi _bSahitya Akademi _c2007 |
||
| 300 |
_a341p. _c22cm(hbk) |
||
| 942 |
_2ddc _cEN _hS _mRAO |
||